书目信息 |
| 题名: |
高等师范院校政治教育专业教学大纲
|
|
| 作者: | ;北京师范大学出版社 编 | |
| 分册: | 下 | |
| 出版信息: | 北京 北京师范大学出版社 1982 |
|
| 页数: | 365-782页 | |
| 开本: | 19cm | |
| 丛书名: | ||
| 单 册: | ||
| 中图分类: | G652.3 | |
| 科图分类: | ||
| 主题词: | 师范教育--教学理论--课程 , 师范教育--教学法--课程 | |
| 电子资源: | ||
| ISBN: | ||
| 000 | 00782nam0 2200241 45 | |
| 001 | 0182001772 | |
| 005 | 20050606164153.8 | |
| 010 | @dCNY3.002 | |
| 091 | @a3243.4 | |
| 100 | @a19950128d1982 em y0chiy0121 ea | |
| 101 | 0 | @achi |
| 102 | @aCN@b110000 | |
| 105 | @ay z 000yy | |
| 200 | 10 | @a高等师范院校政治教育专业教学大纲@Agao deng shi fan yuan xiao zhengzhi jiao yu zhuan ye jiao xue da gang@h下@f北京师范大学出版社编@FBei Jing ShiFan Da Xue Chu Ban She Bian |
| 210 | @a北京@c北京师范大学出版社@d1982 | |
| 215 | @a365-782页@d19cm | |
| 606 | @a师范教育@x教学理论@x课程 | |
| 606 | @a师范教育@x教学法@x课程 | |
| 690 | @aG652.3@v3 | |
| 711 | 02 | @a北京师范大学出版社@4编 |
| 801 | 0 | @aCN@b上海图书馆@c20040429 |
| 801 | 2 | @aCN@bNLC@c20040429 |
| 905 | @dG652.3@e16:2@f1@b200748 | |
| 高等师范院校政治教育专业教学大纲.下/北京师范大学出版社编.-北京:北京师范大学出版社,1982 |
| 365-782页;19cm |
| ISBN :CNY3.002 |
| ● |
| 相关链接 |
|
|
|
|
正题名:高等师范院校政治教育专业教学大纲
索取号:G652.3/16:2
 
预约/预借
| 序号 | 登录号 | 条形码 | 馆藏地/架位号 | 状态 | 备注 |
| 1 | 0125560 | 001002104 | 第一样本阅览室/ [索取号:G652.3/16:2] | 在馆 | |
| 2 | 0200748 | 002039617 | 密集书库/ [索取号:G652.3/16:2] | 在馆 | |
| 3 | 0200749 | 001002097 | 密集书库/ [索取号:G652.3/16:2] | 在馆 | |
| 4 | 0200750 | 001002168 | 密集书库/ [索取号:G652.3/16:2] | 在馆 |